PVT and phase behaviour of petroleum reservoir fluids /
Guardado en:
| Autor Principal: | |
|---|---|
| Formato: | Libro |
| Idioma: | English |
| Publicado: |
Amsterdam :
Elsevier,
1998.
|
| Series: | Developments in petroleum science ;
47 |
| Materias: | |
| Etiquetas: |
Agregar Etiqueta
Sin Etiquetas, Sea el primero en etiquetar este registro!
|
| LEADER | 00763pam a22002175a 4500 | ||
|---|---|---|---|
| 001 | EIQ.libpla003329 | ||
| 008 | 980402s1998####ne#a#####b####001#0#eng#d | ||
| 005 | 20071128173107.0 | ||
| 245 | 1 | 0 | |a PVT and phase behaviour of petroleum reservoir fluids / |c Ali Danesh. |
| 260 | |a Amsterdam : |b Elsevier, |c 1998. | ||
| 300 | |a xi, 388 p. : |b il. ; |c 25 cm. | ||
| 440 | 0 | |a Developments in petroleum science ; |v 47 | |
| 504 | |a Incluye referencias bibliográficas e índice. | ||
| 020 | |a 0444821961 | ||
| 100 | 1 | |a Danesh, Ali. | |
| 082 | 0 | 0 | |a 622/.3382 |2 21 |
| 650 | 4 | |a Procesos |x Ingeniería de yacimientos petrolíferos. | |
| 650 | 4 | |a Processes |x Oil reservoir engineering. | |
| 010 | |a 98018286 | ||
| 040 | |a DLC |c DLC |d AR-BbSID | ||
| 859 | |a AR-BbSID |b BIB. PLAPIQUI |h 665.5 |i D 198 |p 5444 | ||
